1230 1486 1874 1294 1716 1488 1754 1320 1440 1193 1993 1246 1764 1046 1254 1130 1628 1011 1411 1641 1429 1774 1761 1439 1834 1978 1380 1388 1803 1431 1669 1540 1179 1799 1858 1718 1570 1469 1586 1532 1542 1244 1734 1064 1066 1592 1058 1032 1684 1828 1271 1828 1037 1172 1206 1042 1213 1669 1919 1483 1229 1720 1207 1525 1584 1432 1899 1696 1557 1559 1573 1511 1888 1734 1914 1791 1292 1430 1263 1390 1307 1701 1082 1141 1266 1403 1301 1625 1093 1996 1575 1150 1297 1367 1535 1406 1580 1048 1505 BCNSPRNW ULIB Ver.6.0+V

เปลี่ยนเป็นภาษาไทย

Change to English
 แสดงรายละเอียดบรรณานุกรม
  กลับหน้าหลัก

Brief Record : Get Marc (ISO 2709) : E-mail record : QR code < ปิดหน้าต่าง
LEADER : 00000nam 2200000uu 4500
001    13399112272
003     ULIB
008    110314s1999||||th 000 0 eng d
020    07817793
060 04 QZ39^bC832h 1999
100 0  Corwin,Elizabeth J.
245 10 Handbook of pathophysiology /^cCorwin,Elizabeth J.
260    Philadelphia :^bLippincott Williams&Wilkins,^c1999
300    770 p
650  7 Pathology handbooks
650  7 Physiology handbooks
945    ^p0^l0^i012451
945    ^p0^l0^i012460
995    ทศพร
999 ^a ใช้งานได้ทุกระบบ
รายการนี้ยังไม่มีแท็ก
คุณยังไม่ได้ล็อกอิน คุณสามารถมีกิจกรรมร่วมกับเว็บไซต์ได้ แต่ต้องล็อกอินก่อน ::
  ล็อกอิน

รายการสื่อสารสนเทศ

ลำดับที่ ประเภท เลขเรียก/บาร์โค้ด สถานที่ สถานะ
1. วิทยาศาสตร์การแพทย์ และสุขภาพ
วิทยาศาสตร์การแพทย์ และสุขภาพ
สถานะ=หนังสือเก่า
QZ39 C832h 1999 ฉ.2 
  Barcode: 012460
ห้องสมุดวิทยาเขตสวรรค์ประชารักษ์
►ส่วนจัดเก็บหนังสือเก่า สปร
ถูกยืม กำหนดส่งวันที่ 21 กันยายน 2555
  จอง

BibComment


ยังไม่เคยถูกคอมเมนท์

คอมเมนท์ทรัพยากรรายการนี้
  คอมเมนท์: Handbook of patho..


 Copyright 2026. Bcnsprnw @Library